Načítá se...
Delivery related complications and determinants of caesarean section rates in India
| Hlavní autor: | |
|---|---|
| Médium: | Printed Book |
| Vydáno: |
Health Policy and Planning 17(1): 90-98 2002
2002
|
| On-line přístup: | whave\001073.pdf |
| LEADER | 004210000a22001210004500 | ||
|---|---|---|---|
| 100 | |a US Mishra and M Ramanathan | ||
| 245 | |a Delivery related complications and determinants of caesarean section rates in India | ||
| 260 | |c 2002 | ||
| 260 | |b Health Policy and Planning 17(1): 90-98 2002 | ||
| 856 | |u whave\001073.pdf | ||
| 942 | |c KS | ||
| 999 | |c 70461 |d 70461 | ||
| 952 | |0 0 |1 0 |4 0 |7 0 |9 62425 |a MGUL |b MGUL |d 2015-08-01 |l 0 |r 2015-08-01 |w 2015-08-01 |y KS | ||